000 00785nam a2200193 i 4500
001 162219
003 ES-MaACL
005 20250730063143.0
008 041103s1884 sp |||| | val d
040 _aCAM
_bspa
_cCAM
100 1 _aPizcueta, Félix,
_d1837-1890
_992456
245 1 0 _aDiscurs llegit per lo President Félix Pizcueta y Gallel al inaugurarse els treballs del any 1884 á 1885.
260 _aValencia :
_b[s.n.],
_c[1884?] (
_fEmprenta de Manuel Alufre)
300 _a13 p. ;
_c20 cm.
594 _aPrecede al tít.: Lo Rat Penat. Societat de Amadors de les glories valencianes.
596 _aAño tomado del título.
852 _aES-MaACL
_jT-471-F-8
_z-- Enc. hol.
_q-- Falto de la cub. original
_z-- Enc. en un vol. facticio
999 _c162219
_d162219